[Event "Titled Tuesday intern op 30th Aug Late"]
[Site "Chess.com INT"]
[Date "2022.08.30"]
[Round "3"]
[White "Carbone, Diego"]
[Black "Saez Coma, Alejandro"]
[Result "0-1"]
[WhiteElo "2314"]
[BlackElo "2167"]
[PlyCount "44"]
[EventDate "2022.08.30"]
[EventType "swiss (blitz)"]
[EventRounds "11"]
[EventCountry "USA"]
[SourceTitle "EXT 2023"]
[Source "ChessBase"]
[SourceDate "2022.10.05"]
[SourceVersion "1"]
[SourceVersionDate "2022.10.05"]
[SourceQuality "1"]

1. d4 Nf6 2. c4 c5 3. d5 Ne4 4. Nf3 Qa5+ 5. Nbd2 g6 6. Qc2 Nd6 7. g3 Bg7 8. Bg2 0-0 9. 0-0 b5 10. cxb5 Qxb5 11. e4 Na6 12. a3 Rb8 13. Re1 Bb7 14. Bf1 Qb6 15. e5 Nf5 16. Nc4 Qc7 17. Rd1 Nd4 18. Nxd4 cxd4 19. Bg2 Bxe5 20. Qe2 d6 21. Bh6 Rfd8 22. Rac1 Qd7 0-1

[Event "Titled Tuesday intern op 30th Aug Late"]
[Site "Chess.com INT"]
[Date "2022.08.30"]
[Round "2"]
[White "Saez Coma, Alejandro"]
[Black "Leiva Rodriguez, Jeammarco Giuseppe"]
[Result "0-1"]
[WhiteElo "2167"]
[BlackElo "2389"]
[PlyCount "46"]
[EventDate "2022.08.30"]
[EventType "swiss (blitz)"]
[EventRounds "11"]
[EventCountry "USA"]
[SourceTitle "EXT 2023"]
[Source "ChessBase"]
[SourceDate "2022.10.05"]
[SourceVersion "1"]
[SourceVersionDate "2022.10.05"]
[SourceQuality "1"]

1. d4 Nf6 2. Nf3 d5 3. Bf4 e6 4. e3 Bd6 5. Bg3 0-0 6. Nbd2 c5 7. c3 Qc7 8. Bd3 Nbd7 9. e4 dxe4 10. Nxe4 Nxe4 11. Bxe4 Nf6 12. Bc2 Rd8 13. Qe2 cxd4 14. Nxd4 Bxg3 15. hxg3 e5 16. Bxh7+ Nxh7 17. Qh5 exd4 18. Qxh7+ Kf8 19. 0-0-0 Be6 20. Qh8+ Ke7 21. Qxg7 Qc5 22. Rh6 Qf5 23. Rf6 Qxf6 0-1

[Event "Titled Tuesday intern op 07th Dec"]
[Site "Chess.com INT"]
[Date "2021.12.07"]
[Round "3"]
[White "Prohorov, Olexandr"]
[Black "Saez Coma, Alejandro"]
[Result "0-1"]
[WhiteElo "2086"]
[BlackElo "2167"]
[PlyCount "42"]
[EventDate "2021.12.07"]
[EventType "swiss (blitz)"]
[EventRounds "11"]
[EventCountry "USA"]
[SourceTitle "CBM 205 Extra"]
[Source "ChessBase"]
[SourceDate "2022.01.31"]
[SourceVersion "1"]
[SourceVersionDate "2022.01.31"]
[SourceQuality "1"]

1. e4 c5 2. Nf3 g6 3. Nc3 Bg7 4. d4 cxd4 5. Nxd4 Nc6 6. Nde2 d6 7. g3 f5 8. exf5 Bxf5 9. a3 Nf6 10. Bg2 0-0 11. 0-0 Qc8 12. Re1 Bh3 13. Bh1 e5 14. Qxd6 Ng4 15. Ne4 Nd4 16. Nxd4 exd4 17. Bf4 Qxc2 18. Rac1 Qxb2 19. Rc7 Rae8 20. Qb4 Rxe4 21. Rxg7+ Kxg7 0-1

[Event "Titled Tuesday intern op 30th Nov"]
[Site "Chess.com INT"]
[Date "2021.11.30"]
[Round "3"]
[White "Atzl, Florian"]
[Black "Saez Coma, Alejandro"]
[Result "0-1"]
[WhiteElo "2185"]
[BlackElo "2167"]
[PlyCount "92"]
[EventDate "2021.11.30"]
[EventType "swiss (blitz)"]
[EventRounds "11"]
[EventCountry "USA"]
[SourceTitle "CBM 205 Extra"]
[Source "ChessBase"]
[SourceDate "2022.01.31"]
[SourceVersion "1"]
[SourceVersionDate "2022.01.31"]
[SourceQuality "1"]

1. e4 c5 2. Nf3 g6 3. d4 cxd4 4. Nxd4 Bg7 5. c4 Nc6 6. Be3 Nf6 7. Nc3 0-0 8. Be2 d6 9. Rc1 Nxd4 10. Bxd4 a5 11. b3 Bd7 12. 0-0 Bc6 13. f3 Nd7 14. Kh1 Bxd4 15. Qxd4 Qb6 16. Rfd1 Qxd4 17. Rxd4 Nc5 18. Nd5 Bxd5 19. cxd5 Rfc8 20. Rdc4 Rc7 21. a3 Rac8 22. b4 axb4 23. axb4 Na6 24. Rxc7 Rxc7 25. Rxc7 Nxc7 26. Kg1 Kf8 27. Kf2 Ke8 28. Ke3 e5 29. Kd2 Ke7 30. Kc3 b6 31. Kc4 f5 32. g3 Kf6 33. Bf1 f4 34. Bh3 fxg3 35. hxg3 h5 36. Bc8 g5 37. Bd7 h4 38. gxh4 gxh4 39. Bg4 Kg5 40. Bh3 Kf4 41. Bg4 Kg3 42. Bd7 Kxf3 43. Bh3 Kxe4 44. Be6 Kf3 45. Kd3 Kg3 46. Ke3 h3 0-1

[Event "Titled Tuesday intern op 30th Nov"]
[Site "Chess.com INT"]
[Date "2021.11.30"]
[Round "1"]
[White "Rustemov, Alexander"]
[Black "Saez Coma, Alejandro"]
[Result "1-0"]
[WhiteElo "2525"]
[BlackElo "2167"]
[PlyCount "97"]
[EventDate "2021.11.30"]
[EventType "swiss (blitz)"]
[EventRounds "11"]
[EventCountry "USA"]
[SourceTitle "CBM 205 Extra"]
[Source "ChessBase"]
[SourceDate "2022.01.31"]
[SourceVersion "1"]
[SourceVersionDate "2022.01.31"]
[SourceQuality "1"]

1. d4 Nf6 2. c4 c5 3. d5 Ne4 4. f3 Qa5+ 5. Nd2 Nd6 6. e4 g6 7. e5 Nf5 8. Bd3 d6 9. f4 Bg7 10. Ngf3 0-0 11. Qe2 b5 12. 0-0 bxc4 13. Nxc4 Qc7 14. Bd2 Na6 15. a3 Nb8 16. Bc3 Ba6 17. g4 Nd4 18. Nxd4 cxd4 19. Bxd4 Nd7 20. Rfe1 Nc5 21. Bc2 Rfc8 22. Rac1 Qb7 23. b4 Qxd5 24. Bxc5 dxc5 25. Be4 Qd4+ 26. Kg2 Rab8 27. Red1 Qxe4+ 28. Qxe4 Bb7 29. Rd5 e6 30. Ne3 exd5 31. Nxd5 Rd8 32. Rxc5 Bf8 33. Rb5 Rxd5 34. Rxb7 Rxb7 35. Qxd5 Rb8 36. f5 gxf5 37. gxf5 Rc8 38. f6 Rc2+ 39. Kf1 Rxh2 40. Qa8 Rh5 41. Qxa7 Rxe5 42. Qg1+ Kh8 43. Qa7 Rf5+ 44. Ke2 Rxf6 45. b5 Re6+ 46. Kd3 Kg7 47. a4 h5 48. a5 Bb4 49. b6 1-0

[Event "Titled Tuesday intern op 02nd Nov"]
[Site "Chess.com INT"]
[Date "2021.11.02"]
[Round "6"]
[White "Saez Coma, Alejandro"]
[Black "Vlassov, Nikolai"]
[Result "0-1"]
[WhiteElo "2202"]
[BlackElo "2294"]
[PlyCount "142"]
[EventDate "2021.11.02"]
[EventType "swiss (blitz)"]
[EventRounds "11"]
[EventCountry "USA"]
[SourceTitle "CBM 205 Extra"]
[Source "ChessBase"]
[SourceDate "2022.01.31"]
[SourceVersion "1"]
[SourceVersionDate "2022.01.31"]
[SourceQuality "1"]

1. d4 Nf6 2. Nf3 e6 3. Bf4 c5 4. e3 b6 5. c3 Bb7 6. Nbd2 Be7 7. Be2 d6 8. 0-0 Nbd7 9. h3 h6 10. Nh2 Ne4 11. Nxe4 Bxe4 12. Bf3 Bxf3 13. Qxf3 d5 14. Rfe1 Nf6 15. Rad1 Ne4 16. Qe2 cxd4 17. exd4 0-0 18. Nf3 Bd6 19. Bxd6 Qxd6 20. Nd2 Nf6 21. a4 Rfb8 22. Ra1 a6 23. Nf3 Ne4 24. Nd2 Nxd2 25. Qxd2 b5 26. axb5 axb5 27. b3 b4 28. c4 dxc4 29. bxc4 b3 30. Rxa8 Rxa8 31. Rb1 Rb8 32. Qc3 Qb4 33. Qxb4 Rxb4 34. c5 Kf8 35. Kf1 Rxd4 36. Rxb3 Rc4 37. Rb8+ Ke7 38. Rb7+ Kf6 39. Rc7 Rc2 40. g3 g5 41. Kg2 Kg6 42. Kf3 f5 43. Ke3 Kf6 44. Rc8 h5 45. c6 Ke5 46. c7 g4 47. h4 Kd6 48. Rh8 Rxc7 49. Rxh5 Ke5 50. Rh8 Rc3+ 51. Ke2 Ke4 52. Ra8 Rc2+ 53. Ke1 Kf3 54. Ra3+ Kg2 55. Re3 Rxf2 56. Re2 Rxe2+ 57. Kxe2 Kxg3 58. h5 Kg2 59. Ke3 e5 60. h6 f4+ 61. Ke4 f3 62. h7 f2 63. h8Q f1Q 64. Qh4 Qf4+ 65. Kd5 g3 66. Qe7 Qd4+ 67. Ke6 Kf2 68. Qf6+ Qf4 69. Qd8 g2 70. Qb6+ Qd4 71. Qb2+ Qxb2 0-1

[Event "Barcelona CC FIDE April"]
[Site "Barcelona"]
[Date "2021.05.29"]
[Round "6"]
[White "Del Amo Carbo, Jordi"]
[Black "Saez Coma, Alejandro"]
[Result "1-0"]
[WhiteElo "2122"]
[BlackElo "2157"]
[PlyCount "143"]
[EventDate "2021.04.24"]
[EventType "tourn"]
[EventRounds "9"]
[EventCountry "ESP"]
[SourceTitle "EXT 2022"]
[Source "ChessBase"]
[SourceDate "2021.10.06"]
[SourceVersion "1"]
[SourceVersionDate "2021.10.06"]
[SourceQuality "1"]

1. d4 Nf6 2. c4 e6 3. Nc3 Bb4 4. f3 c5 5. d5 Bxc3+ 6. bxc3 d6 7. e4 e5 8. Bg5 Nbd7 9. Bd3 h6 10. Be3 Qa5 11. Ne2 Nf8 12. h4 N8h7 13. Qd2 Bd7 14. g4 0-0-0 15. Ng3 Nf8 16. Be2 Ng6 17. Rc1 h5 18. g5 Ng8 19. Nf5 Bxf5 20. exf5 Nf8 21. Bd3 Nd7 22. Be4 Nb6 23. Qe2 Qa4 24. Bd3 Ne7 25. Qc2 Qxc2 26. Rxc2 g6 27. f6 Nf5 28. Bf2 Kc7 29. Kd2 Na4 30. Rb1 Ra8 31. Bf1 Rab8 32. Bh3 Nb6 33. Kd3 Kd7 34. Rcb2 Kc7 35. Rb5 Na8 36. a4 Nb6 37. a5 Nd7 38. Ke4 Rhe8 39. Re1 Nf8 40. Rb2 Ra8 41. Rbe2 Kd7 42. Bg3 Rab8 43. f4 exf4+ 44. Kxf4 Rxe2 45. Rxe2 Re8 46. Bxf5+ gxf5 47. Rxe8 Kxe8 48. Kxf5 Ng6 49. Bxd6 Nxh4+ 50. Ke4 Kd7 51. Bxc5 a6 52. Bf2 Ng6 53. c5 Kc7 54. Bg3+ Kd7 55. Kf5 Nf8 56. Ke4 Ng6 57. Kf3 Nf8 58. Kg2 Ng6 59. Kh3 Kc8 60. c6 bxc6 61. dxc6 Kd8 62. Bd6 Kc8 63. Kg3 Kd8 64. Kf3 Kc8 65. Ke4 Kd8 66. Kd5 h4 67. Ke4 h3 68. Kf3 Nh4+ 69. Kg4 Ng2 70. Kxh3 Ne3 71. g6 Nf5 72. gxf7 1-0

[Event "Barcelona CC FIDE April"]
[Site "Barcelona"]
[Date "2021.05.15"]
[Round "4"]
[White "Martin Barcelo, Carles"]
[Black "Saez Coma, Alejandro"]
[Result "0-1"]
[WhiteElo "2201"]
[BlackElo "2157"]
[PlyCount "56"]
[EventDate "2021.04.24"]
[EventType "tourn"]
[EventRounds "9"]
[EventCountry "ESP"]
[SourceTitle "EXT 2022"]
[Source "ChessBase"]
[SourceDate "2021.10.06"]
[SourceVersion "1"]
[SourceVersionDate "2021.10.06"]
[SourceQuality "1"]

1. e4 c5 2. Nf3 g6 3. c4 Bg7 4. d4 cxd4 5. Nxd4 Nc6 6. Be3 d6 7. Nc3 Nf6 8. Be2 Bd7 9. f3 Nxd4 10. Bxd4 Bc6 11. Qd2 a5 12. g4 h6 13. h4 a4 14. 0-0-0 Qa5 15. g5 Nh5 16. Bxg7 Nxg7 17. gxh6 Ne6 18. Bf1 Qh5 19. Bh3 Nc5 20. Qd4 Rxh6 21. Bg4 Qe5 22. Qe3 Rh7 23. f4 Qh8 24. a3 Rxh4 25. Rhg1 Rh2 26. e5 b6 27. exd6 Be4 28. Be2 Nb3# 0-1

[Event "Barcelonca Manana FM"]
[Site "Barcelona"]
[Date "2020.08.03"]
[Round "3.4"]
[White "Garcia de Blas, Esteban"]
[Black "Saez Coma, Alejandro"]
[Result "0-1"]
[WhiteElo "2017"]
[BlackElo "2141"]
[PlyCount "84"]
[EventDate "2020.08.01"]
[EventType "tourn"]
[EventRounds "9"]
[EventCountry "ESP"]
[SourceTitle "EXT 2024"]
[Source "ChessBase"]
[SourceDate "2023.10.10"]
[SourceVersion "1"]
[SourceVersionDate "2023.10.10"]
[SourceQuality "1"]

1. d4 Nf6 2. Nf3 e6 3. Bf4 b6 4. e3 Bb7 5. Nbd2 c5 6. c3 Be7 7. h3 d6 8. Bb5+ Nc6 9. 0-0 0-0 10. Qe2 a6 11. Ba4 b5 12. Bc2 d5 13. Rfd1 b4 14. cxb4 cxd4 15. exd4 Nxb4 16. Bb1 Rc8 17. Ne1 a5 18. a3 Ba6 19. Qe3 Nc6 20. Ndf3 Qb6 21. Nd3 a4 22. g4 Na5 23. Nde5 Qb3 24. Bd3 Bxd3 25. Qxd3 Qxd3 26. Rxd3 Rc2 27. Rb1 Ne4 28. Nd2 Nxd2 29. Rxd2 Rxd2 30. Bxd2 Nb3 31. Be3 Rc8 32. Kf1 Bf6 33. Nf3 Kf8 34. Ke2 h6 35. Kd3 Rc4 36. Rd1 Ke8 37. h4 Bd8 38. g5 h5 39. Re1 f6 40. Re2 Bc7 41. Bd2 e5 42. dxe5 Nc5+ 0-1

[Event "Barcelona Espiga de les Corts-A 1st"]
[Site "Barcelona"]
[Date "2018.04.28"]
[Round "3.2"]
[White "Garcia Playa, David"]
[Black "Saez Coma, Alejandro"]
[Result "1/2-1/2"]
[WhiteElo "2070"]
[BlackElo "2018"]
[PlyCount "76"]
[EventDate "2018.04.14"]
[EventType "swiss"]
[EventRounds "9"]
[EventCountry "ESP"]
[SourceTitle "EXT 2024"]
[Source "ChessBase"]
[SourceDate "2023.10.10"]
[SourceVersion "1"]
[SourceVersionDate "2023.10.10"]
[SourceQuality "1"]

1. e4 c5 2. Nf3 g6 3. d4 cxd4 4. Nxd4 Bg7 5. Nc3 Nc6 6. Be3 Nf6 7. Bc4 Qa5 8. f3 Qb4 9. Ndb5 0-0 10. Bb3 a6 11. a3 Qa5 12. Nd4 d6 13. Qd2 Bd7 14. 0-0-0 Rfc8 15. h4 b5 16. h5 b4 17. axb4 Qa1+ 18. Nb1 Rab8 19. hxg6 hxg6 20. Bh6 Nxb4 21. c3 Bh8 22. Bg5 Bg7 23. Bh6 Bb5 24. Nxb5 Rxb5 25. Bxg7 Nd3+ 26. Qxd3 Rxb3 27. Qc2 Rcb8 28. Bxf6 exf6 29. Rd2 a5 30. Rhd1 a4 31. Rxd6 Kg7 32. Rd8 R8b6 33. R1d6 R6b5 34. Rd5 Rb6 35. R8d6 Rb8 36. Rd8 R8b6 37. R8d6 Rb8 38. Rd8 R8b6 1/2-1/2

[Event "Catalunya-chT Gp2"]
[Site "Barcelona"]
[Date "2018.02.17"]
[Round "5.8"]
[White "Saez Coma, Alejandro"]
[Black "Guso Llorca, Jordi"]
[Result "1-0"]
[WhiteElo "2018"]
[BlackElo "2163"]
[PlyCount "51"]
[EventDate "2018.01.20"]
[EventType "team-tourn"]
[EventRounds "7"]
[EventCountry "ESP"]
[SourceTitle "EXT 2019"]
[Source "ChessBase"]
[SourceDate "2018.10.10"]
[SourceVersion "1"]
[SourceVersionDate "2018.10.10"]
[SourceQuality "1"]
[WhiteTeam "Catalunya"]
[BlackTeam "Gerunda"]
[WhiteTeamCountry "ESP"]
[BlackTeamCountry "ESP"]

1. d4 Nf6 2. Nf3 g6 3. Bf4 Bg7 4. Nc3 d6 5. Qd2 h6 6. e4 g5 7. Be3 Ng4 8. 0-0-0 Nxe3 9. Qxe3 c6 10. h4 g4 11. Nd2 Nd7 12. f3 Nf6 13. e5 dxe5 14. dxe5 Nd5 15. Nxd5 cxd5 16. fxg4 Bxg4 17. Qg3 Qc8 18. Bb5+ Kf8 19. Nf3 Bxf3 20. Qxf3 e6 21. Rhf1 Qc7 22. Qh5 Kg8 23. Rde1 Rf8 24. Bd3 a6 25. Re3 b5 26. Qg4 1-0

[Event "Figueres op Rapid"]
[Site "Figueres"]
[Date "2015.08.09"]
[Round "7.5"]
[White "Serrat Juanaola, Xavier"]
[Black "Saez Coma, Alejandro"]
[Result "0-1"]
[WhiteElo "1877"]
[BlackElo "2173"]
[PlyCount "103"]
[EventDate "2015.08.09"]
[EventType "swiss (rapid)"]
[EventRounds "9"]
[EventCountry "ESP"]
[SourceTitle "EXT 2024"]
[Source "ChessBase"]
[SourceDate "2023.10.10"]
[SourceVersion "1"]
[SourceVersionDate "2023.10.10"]
[SourceQuality "1"]

1. e4 c5 2. Nf3 g6 3. c3 d5 4. e5 Bg7 5. d4 Nc6 6. Bf4 Bg4 7. Be2 e6 8. 0-0 Nge7 9. h3 Bxf3 10. Bxf3 cxd4 11. cxd4 Qb6 12. Be3 Qxb2 13. Nd2 Nxd4 14. Qa4+ Ndc6 15. Rab1 Qxe5 16. Rxb7 0-0 17. Bc5 Rfe8 18. Qa3 Qc3 19. Bxe7 Nxe7 20. Qxc3 Bxc3 21. Nb3 Nf5 22. Rc1 Be5 23. Be2 Nd4 24. Nxd4 Bxd4 25. Rcc7 Rf8 26. a4 Rab8 27. a5 Rxb7 28. Rxb7 Rc8 29. Kh2 Bxf2 30. g4 Rc2 31. Bd3 Rd2 32. Bb5 Bb6+ 33. Kg3 Bxa5 34. Rxa7 Bb6 35. Rb7 Be3 36. Kf3 d4 37. Be8 Rf2+ 38. Ke4 Kf8 39. Rb8 Rf4+ 40. Kd3 Ke7 41. Bc6 f5 42. gxf5 gxf5 43. Rb7+ Kd6 44. Ba4 Rh4 45. Rb6+ Ke5 46. Rb5+ Kf4 47. Rb1 e5 48. Rf1+ Kg5 49. Bd7 e4+ 50. Kc4 Rf4 51. Rb1 d3 52. Rh1 0-1

[Event "Catalunya-chT GpB final"]
[Site "Barcelona"]
[Date "2015.03.14"]
[Round "8.3"]
[White "Jimenez Ruano, Adrian"]
[Black "Saez Coma, Alejandro"]
[Result "1-0"]
[WhiteElo "1951"]
[BlackElo "1973"]
[PlyCount "201"]
[EventDate "2015.03.14"]
[EventType "team-tourn"]
[EventRounds "11"]
[EventCountry "ESP"]
[SourceTitle "EXT 2016"]
[Source "ChessBase"]
[SourceDate "2015.10.08"]
[SourceVersion "1"]
[SourceVersionDate "2015.10.08"]
[SourceQuality "1"]
[WhiteTeam "Cerdanyola Valles"]
[BlackTeam "Catalunya"]
[WhiteTeamCountry "ESP"]
[BlackTeamCountry "ESP"]

1. d4 Nf6 2. c4 c5 3. d5 Ne4 4. Qc2 Qa5+ 5. Nd2 Nd6 6. e4 g6 7. Ne2 Bg7 8. Ng3 0-0 9. Bd3 Na6 10. a3 b5 11. cxb5 Nxb5 12. 0-0 Nd4 13. Qd1 d6 14. Nc4 Qd8 15. Bd2 Rb8 16. Bc3 Nc7 17. a4 Na6 18. Ne2 Nb4 19. Nxd4 cxd4 20. Bxb4 Rxb4 21. Qd2 a5 22. Na3 Qb6 23. Nb5 Bd7 24. Rfc1 h5 25. Qg5 Rxa4 26. Rxa4 Bxb5 27. Bxb5 Qxb5 28. Ra2 Qe2 29. Raa1 d3 30. Re1 Qxb2 31. Rab1 Qa2 32. Rbd1 Bc3 33. Rf1 Qe2 34. Qc1 Bb4 35. Qc4 f5 36. exf5 Rxf5 37. Qxd3 Qxd3 38. Rxd3 Bc5 39. Rd2 a4 40. Ra1 a3 41. Raa2 Rf4 42. Kf1 Kf7 43. f3 Rc4 44. Ke2 Kf6 45. Kd3 Rc1 46. Re2 Rd1+ 47. Red2 Rh1 48. h3 e5 49. Ke4 Re1+ 50. Re2 Rxe2+ 51. Rxe2 Bd4 52. Kd3 Kf5 53. Kc4 Kf4 54. Kb3 Be3 55. Kxa3 e4 56. fxe4 Kxe4 57. Kb3 Kd4 58. Kc2 Bf4 59. Re8 h4 60. Re7 g5 61. Re8 Kxd5 62. Kd3 Kc6 63. Re2 d5 64. Kd4 Kd6 65. Re8 Kd7 66. Ra8 Ke6 67. Ra6+ Kf5 68. Rh6 g4 69. Rxh4 gxh3 70. Rxh3 Kg4 71. Kxd5 Bc1 72. Rd3 Bb2 73. Kc4 Ba1 74. Kb3 Be5 75. Kc2 Ba1 76. Kd2 Be5 77. Ke2 Ba1 78. Ra3 Bb2 79. Rb3 Ba1 80. Kf1 Be5 81. Kg1 Bd4+ 82. Kh2 Be5+ 83. g3 Ba1 84. Rb4+ Kg5 85. Kh3 Bc3 86. Rb5+ Kg6 87. Kg4 Bd4 88. Ra5 Bc3 89. Ra6+ Kg7 90. Rd6 Be5 91. Re6 Ba1 92. Kf5 Bb2 93. g4 Bc3 94. g5 Bb4 95. Rb6 Bc3 96. Rb7+ Kh8 97. Kg6 Bg7 98. Ra7 Bf8 99. Ra8 Kg8 100. Rxf8+ Kxf8 101. Kh7 1-0

[Event "Barcelona Catalunya Tancat"]
[Site "Barcelona"]
[Date "2014.10.04"]
[Round "2"]
[White "Povill Claros, Xavier"]
[Black "Saez Coma, Alejandro"]
[Result "1/2-1/2"]
[WhiteElo "1952"]
[BlackElo "1988"]
[PlyCount "48"]
[EventDate "2014.09.27"]
[EventType "tourn"]
[EventRounds "9"]
[EventCountry "ESP"]
[SourceTitle "EXT 2017"]
[Source "ChessBase"]
[SourceDate "2016.10.25"]
[SourceVersion "1"]
[SourceVersionDate "2016.10.25"]
[SourceQuality "1"]

1. e4 c5 2. Nf3 Nf6 3. Nc3 d5 4. exd5 Nxd5 5. Nxd5 Qxd5 6. d4 Bg4 7. Be2 cxd4 8. Qxd4 Qxd4 9. Nxd4 Bxe2 10. Kxe2 Nd7 11. Be3 Rc8 12. c3 e5 13. Nb3 Bc5 14. Nxc5 Nxc5 15. Rhd1 b6 16. Bxc5 Rxc5 17. Rd6 Ke7 18. Rad1 Rc7 19. R1d5 f6 20. Ke3 Rb8 21. Ke4 Rc4+ 22. Kd3 Rc7 23. Ke4 Rc4+ 24. Kd3 Rc7 1/2-1/2